Statistics for West Ham Best XI

Click here to take the quiz!

General Stats

  • This quiz has been taken 701 times
    (694 since last reset)
  • The average score is 8 of 18

Answer Stats

HintAnswer% Correct
CBMoore
91%
STDi Canio
74%
STHurst
69%
LBLampard Sr.
65%
CMBrooking
63%
CMBonds
57%
SUBDicks
54%
STCottee
45%
GKParkes
43%
RBMartin
39%
SUBDevonshire
37%
SUBCarrick
21%
SUBWatson
20%
CBPotts
19%
SUBJames
17%
CMRedknapp
17%
SUBRepka
12%
SUBJoe Cole
10%

Score Distribution

Percentile by Number Answered

Percent of People with Each Score

Your Score History

You have not taken this quiz since the last reset